000 00632nam a2200205Ii 4500
003 JO-AjNU
008 230605s9999||||xx |||||||||||||| ||und||
040 _aJO-AjNU
_bara
_erda
_cJO-AjNU
041 _aara
050 1 4 _aD31 .H8564 1963
100 3 _aحومد، عبد الوهاب,
_eauthor
_910376
245 0 0 _aالاجرام السياسي
264 3 1 _aلبنان: دار المعارف، 1963
300 _a285ص
336 _atext
_btxt
_2rdacontent
337 _aunmediated
_bn
_2rdamedia
338 _avolume
_bnc
_2rdacarrier
490 0 _aالمكتبة القانونية
650 4 _aجرائم سياسية
_910377
999 _aA1775
_c5343
_d5343